000 01557nam0a2200325 4500
001 RU\NLR\bibl\803869
005 20260405074705.0
010 _a5-98147-004-6
_93000
035 _a(NLR Aleph) 000793021
090 _a1133661
_c1133661
100 _a20050525d2005 |||y0rusy50 ca
101 1 _arus
102 _aRU
105 _ay |||||||||
200 1 _aГоды эмиграции 1919-1969. Париж - Нью-Йорк
_eвоспоминания
_e[пер.]
_fМарк Вишняк
_g[Федер. целевая прогр. "Культура России" (подпрогр. "Поддержка полиграфии и книгоизд. России")]
210 _aСанкт-Петербург
_cФормаТ
_d2005
215 _a477,[2] с.
_d23
300 _aВ предисл. авт.: Марк(Мордух) Вениаминович (Веньяминович) Вишняк
320 _aБиблиогр. в конце кн. и в подстроч. примеч.
320 _aДр. работы авт. в предисл.
320 _aУказ. имен: с. 459-478
606 1 _aЭмигранты русские
_jВоспоминания, записки и т.п.
_xИстория
_z1919 - 1969
_92380670
_3RU\NLR\auth\661420418
686 _aТ3(2)71,013
700 1 _4070
_8rus
_7ca
_aВишняк
_bМ.В.
_f1883-1977
_gМарк Вениаминович
_3RU\NLR\auth\7726427
_99466
801 0 _aRU
_bNLR
_c20050525
_gPSBO
801 1 _aRU
_bNLR
_c20050525
830 _aАвт. по кн.
942 _cBOOK
980 _aNB